| 000 | 00361nam a2200145Ia 4500 | ||
|---|---|---|---|
| 008 | 230711s9999||||xx |||||||||||||| ||und|| | ||
| 041 | _aENG | ||
| 082 |
_a624 _bME-D |
||
| 100 | _aMelvil,Dewey | ||
| 245 | 0 | _aDewey decimal classification | |
| 250 | _a10th Ed. | ||
| 260 |
_c1989 _aNew York _bForest Press |
||
| 650 | _aLibrary and Information Science | ||
| 942 | _cBK | ||
| 999 |
_c486 _d486 |
||